000 01038cam a2200289 i 4500
003 DO-SdBNP
005 20231017150805.0
007 ta
008 751003s2013 gt 000 0 spa d
020 _a9789929559387
040 _aDO-SdBNP
_bspa
_cBNPHU
_erda
082 4 _bG241
_222
_a808.84
100 1 _aGarrido, Rony E.
_d1964-
_984496
245 1 0 _aviaje al fondo de Eva :
_bla poesía como autosicoanálisis y re-encuentro con la ilusión en Eva sin Dios, de Luz Méndez de la Vega /
_cRony E. Garrido
264 1 _aGuatemala :
_bMinisterio de Cultura y Deportes,
_bCultura,
_c2013.
300 _a105 páginas
_c21 cm.
336 _2rdacontent
_atexto
_btxt
337 _2rdamedia
_asin mediación
_bn
338 _2rdacarrier
_avolumen
_bnc
490 1 _aEnsayo
_aLuis Cardoza y Aragón
_v53
500 _aIncluye datos biografícos del autor en las solapas.
590 _aInventariado, 2023/ YL
650 4 _aLiteratura Guatemalteca
_95393
650 4 _aEnsayo Guatemalteca
_914068
910 _aYlockward
942 _2ddc
_cLBS1
999 _c55185
_d55185